Ballon d'Or 2007 - Statistiken

Allgemein
  • Dieses Quiz wurde 164 mal gespielt
  • Das Durchschnittsergebnis liegt bei 29 aus 50
Antwortstatistiken
Platz Spieler Verein/e Nation Punkte % Korrekt
2. Cristiano Ronaldo Manchester United Portugal 277
99%
4. Didier Drogba FC Chelsea Elfenbeinküste 108
99%
3. Lionel Messi FC Barcelona Argentinien 255
99%
1. Kaká AC Mailand Brasilien 445
98%
7. Zlatan Ibrahimovic Inter Mailand Schweden 31
96%
17. Franck Ribéry Olympique Marseille/FC Bayern München Frankreich 10
86%
10. Francesco Totti AS Rom Italien 20
82%
30. Samuel Eto'o FC Barcelona Kamerun 1
81%
13. Steven Gerrard FC Liverpool England 17
81%
5. Andrea Pirlo AC Mailand Italien 41
78%
8. Cesc Fàbregas FC Arsenal Spanien 27
78%
18. Paolo Maldini AC Mailand Italien 8
78%
19. Thierry Henry FC Arsenal Frankreich 7
78%
6. Ruud van Nistelrooy Real Madrid Niederlande 39
77%
12. Ronaldinho FC Barcelona Brasilien 18
74%
30. Ryan Giggs Manchester United Wales 1
73%
19. Petr Cech FC Chelsea Tschechien 7
71%
36. David Beckham Real Madrid/LA Galaxy England 0
69%
26. Wayne Rooney Manchester United England 4
68%
19. Gianluigi Buffon Juventus Turin Italien 7
67%
36. Diego SV Werder Bremen Brasilien 0
64%
36. Fernando Torres Atletico Madrid/FC Liverpool Spanien 0
64%
36. Luca Toni AC Florenz/FC Bayern München Italien 0
64%
24. Michael Essien FC Chelsea Ghana 5
64%
36. Miroslav Klose SV Werder Bremen/FC Bayern München Deutschland 0
64%
24. Fabio Cannavaro Real Madrid Italien 5
63%
27. Iker Casillas Real Madrid Spanien 3
59%
30. Carlos Tevez West Ham United/Manchester United Argentinien 1
57%
30. Robin van Persie FC Arsenal Niederlande 1
57%
19. Clarence Seedorf AC Mailand Niederlande 7
56%
30. Dimitar Berbatov Tottenham Hotspur Bulgarien 1
54%
36. Deco FC Barcelona Portugal 0
53%
36. David Villa FC Valencia Spanien 0
51%
19. Gennaro Gattuso AC Mailand Italien 7
50%
36. Paul Scholes Manchester United England 0
49%
9. Robinho Real Madrid Brasilien 24
47%
36. Raúl Real Madrid Spanien 0
46%
16. Filippo Inzaghi AC Mailand Italien 12
45%
14. Juan Román Riquelme FC Villareal/Boca Juniors Argentinien 15
42%
36. Kolo Touré FC Arsenal Elfenbeinküste 0
41%
15. Dani Alves FC Sevilla Brasilien 14
36%
36. Eric Abidal Olympique Lyon/FC Barcelona Frankreich 0
27%
36. Florent Malouda Olympique Lyon/FC Chelsea Frankreich 0
22%
36. Mahamadou Diarra Real Madrid Mali 0
19%
36. Ricardo Quaresma FC Porto Portugal 0
16%
11. Frederic Kanouté FC Sevilla Mali 19
15%
36. Shunsuke Nakamura Celtic Glasgow Japan 0
13%
30. Guillermo Ochoa Club America Mexiko 1
11%
27. Rogério Ceni FC Sao Paulo Brasilien 3
2%
29. Younis Mahmoud Al-Gharafa Irak 2
1%
Keine übereinstimmenden Quizze gefunden
Verteilung der Resultate
Anzahl Personen mit jedem Resultat
Perzentil nach korrekt beantworteten Fragen
Ihre Resultats-Entwicklung
Sie haben dieses Quiz noch nicht gespielt